000 00934nam a22003257a 4500
001 BR7405155
003 BR-BrBNA
005 20230928084610.0
007 ta
008 230509b bl.||||| |||| 00| 0 por d
040 _aBR-BrBNA
_bpor
_cBiblioteca Nacional de Agricultura
041 _a(Por)
072 _aE70
_b9410
_b/G514
090 _ 9410 BR7405155
100 1 _aBrandao, S.A.R.
100 1 _aCarvalho, W.L. de
100 1 _aSantos, J.R.M. dos
110 1 _aSecretaria da Agricultura do Maranhao, Sao Luis (Brasil). Servico de Economia Rural
245 1 _aDiagnostico da comercializacao do leite no Estado do Maranhao [Brasil]
260 3 _aSao Luis, MA (Brasil):
_c1974.
300 _a81 p.
500 _a35 TABLES
650 _aComercializacao
650 _aLeite
650 _aAbastecimento
650 _aProducao leiteira
650 _aMaranhao
909 _a202309
_bLucia
_c55
_dLucia Elande
942 _cBK
999 _c20005
_d20005